000 00595nam a2200217Ia 4500
003 GCL
008 140319s9999 xx 000 0 eng d
020 _a1654966542
040 _aGCL /
_cGCL
082 0 4 _a721.84
_bT P
100 1 _aTRULOVE, JAMES CRAYSON
245 1 0 _aPORCHES AND OTHER OUTDOOR SPACES /
_cTRULOVE, JAMES CRAYSON
700 1 _aSPRAGUE, CONNIE
260 _aنيويورك :
_bROCKPORT PUBLISHERS INC. ،
_c2000
300 _a32 CM ؛
_c144 P
650 0 4 _aDECORATION
650 0 4 _aDECORATION AND ORNAMENT
650 0 4 _aPORCHES
650 0 4 _aDOORWAYS
942 _2ddc
_cBK
999 _c6582
_d6582